<?xml version="1.0" encoding="UTF-8"?>
<record
    xmlns:xsi="http://www.w3.org/2001/XMLSchema-instance"
    xsi:schemaLocation="http://www.loc.gov/MARC21/slim http://www.loc.gov/standards/marcxml/schema/MARC21slim.xsd"
    xmlns="http://www.loc.gov/MARC21/slim">

  <leader>00504    a2200169   4500</leader>
  <controlfield tag="003">OSt</controlfield>
  <controlfield tag="005">20240131093650.0</controlfield>
  <controlfield tag="008">240131b        |||||||| |||| 00| 0 eng d</controlfield>
  <datafield tag="040" ind1=" " ind2=" ">
    <subfield code="c">oclc</subfield>
  </datafield>
  <datafield tag="082" ind1=" " ind2=" ">
    <subfield code="a">297.122</subfield>
    <subfield code="b">KAR/Q</subfield>
  </datafield>
  <datafield tag="100" ind1=" " ind2=" ">
    <subfield code="a"> Karakunnu, Sheikh Mohammed</subfield>
    <subfield code="9">1839</subfield>
  </datafield>
  <datafield tag="245" ind1=" " ind2=" ">
    <subfield code="a">Quranile Sthree /</subfield>
    <subfield code="c">Shaik Muhammed Karakunnu</subfield>
  </datafield>
  <datafield tag="250" ind1=" " ind2=" ">
    <subfield code="a">4th ed.</subfield>
  </datafield>
  <datafield tag="260" ind1=" " ind2=" ">
    <subfield code="a">Kozhikode:</subfield>
    <subfield code="b">Islamic Publishing House,</subfield>
    <subfield code="c">2023.</subfield>
  </datafield>
  <datafield tag="300" ind1=" " ind2=" ">
    <subfield code="a">96p.</subfield>
  </datafield>
  <datafield tag="942" ind1=" " ind2=" ">
    <subfield code="2">ddc</subfield>
    <subfield code="c">BK</subfield>
    <subfield code="h">297.122</subfield>
    <subfield code="i">KAR/Q</subfield>
    <subfield code="k">297.122</subfield>
    <subfield code="m">KAR/Q</subfield>
  </datafield>
  <datafield tag="952" ind1=" " ind2=" ">
    <subfield code="0">0</subfield>
    <subfield code="1">0</subfield>
    <subfield code="2">ddc</subfield>
    <subfield code="4">0</subfield>
    <subfield code="7">0</subfield>
    <subfield code="8">ISLAM</subfield>
    <subfield code="a">MES</subfield>
    <subfield code="b">MES</subfield>
    <subfield code="c">ISL</subfield>
    <subfield code="d">2024-01-31</subfield>
    <subfield code="l">0</subfield>
    <subfield code="o">297.122 KAR/Q</subfield>
    <subfield code="p">45043</subfield>
    <subfield code="r">2024-01-31 09:37:19</subfield>
    <subfield code="v">130.00</subfield>
    <subfield code="w">2024-01-31</subfield>
    <subfield code="y">BK</subfield>
    <subfield code="z">GL49R4</subfield>
  </datafield>
  <datafield tag="999" ind1=" " ind2=" ">
    <subfield code="c">43381</subfield>
    <subfield code="d">43381</subfield>
  </datafield>
</record>
